| 000 | 00382nam a2200133Ia 4500 | ||
|---|---|---|---|
| 008 | 220204s9999 xx 000 0 und d | ||
| 082 |
_a577.213.32 _bEPP |
||
| 100 | _aEpplen, Jorg T | ||
| 245 | 0 | _aDNA profiling and DNA finerprinting | |
| 260 |
_aBasel _bBirkhauser Verlag _c1999 |
||
| 490 | _aMethods and tools in biosciences & medicine | ||
| 700 | _aLubjuhn, Thomas | ||
| 942 | _cBK | ||
| 999 |
_c41759 _d41759 |
||